000
00285nam a22001217a 4500
008
230704b xxu||||| |||| 00| 0 eng d
020
_a
0491017634
082
_a
355.3
_b
THO 1975
245
_a
Company Administation Made Simple
260
_c
1975
300
_a
XIV,306p
942
_2
ddc
_c
BK
999
_c
3942
_d
3942